| 000 | 01311 a2200205 4500 | ||
|---|---|---|---|
| 001 | 39955 | ||
| 005 | 20260407155656.0 | ||
| 008 | 260407a1970 arg spa d | ||
| 003 | AR-UNSa-BCEJYS | ||
| 040 |
_aAR-UNSa-BCEJYS _bspa _cAR-UNSa-BCEJYS |
||
| 080 |
_a911.3 _xGeografía humana. Geografía de los factores culturales |
||
| 245 | 1 | 0 | _aLa acción del hombre y el medio geográfico |
| 264 | 1 |
_aBarcelona : _bEdiciones Península _c1970 |
|
| 300 |
_a246 p. _c20 cm. |
||
| 505 | _aParte I: El espacio inorganizado: 1. La geografía natural soportada - 2. Ejemplos regionales - Parte II: La organización del espacio argricola : 1. Del espacio agricola al paisaje rural - 2. Organización social y organización económica del espacio agrícola - Parte III: La organización del espacio industrial : 1. Un cambio de dimensiones y un cambio de valor - 2. Las estructuras y las técnicas. La localización del espacio industrial - 3. Del espacio especializado al espacio globalizado - 4. La región, tema geografíco de la organización del espacio - Parte IV: Grandes problemas y grandes trabajos : 1. Presión de población y desarrollo - 2. Las grandes operaciones de ordenación - Conclusión - | ||
| 041 | _aspa | ||
| 942 | _cBK | ||
| 590 | _aniveau_biblio:m niveau_hierar:0 | ||
| 100 | 1 | _aGeorge, Pierre | |
| 999 |
_c3170 _d3170 |
||